书目信息 |
| 题名: |
聚乙二醇修饰药物
|
|
| 作者: | 马光辉 , 苏志国 编著 | |
| 分册: | ||
| 出版信息: | 北京 科学出版社 2016.03 |
|
| 页数: | 342页 | |
| 开本: | 24cm | |
| 丛书名: | ||
| 单 册: | ||
| 中图分类: | R98 | |
| 科图分类: | ||
| 主题词: | 聚氧化乙烯--药物--研究 | |
| 电子资源: | ||
| ISBN: | 978-7-03-047265-6 | |
| 000 | 00898nam0 2200229 450 | |
| 001 | 4639 | |
| 005 | 20181012144518.84 | |
| 010 | @a978-7-03-047265-6@b精装@dCNY128.00 | |
| 100 | @a20160328d2016 em y0chiy50 ea | |
| 101 | 0 | @achi |
| 102 | @aCN@b110000 | |
| 105 | @aa z 000yy | |
| 200 | 1 | @a聚乙二醇修饰药物@9ju yi er chun xiu shi yao wu@b专著@e概念、设计和应用@f马光辉,苏志国等编著 |
| 210 | @a北京@c科学出版社@d2016.03 | |
| 215 | @a342页@c图@d24cm | |
| 330 | @a本书共分为七章,内容包括:单甲氧基聚乙二醇的合成、单甲氧基聚乙二醇的活化、聚乙二醇修饰蛋白质的反应控制、聚乙二醇-蛋白质偶联物的分离纯化、聚乙二醇-生物大分子偶联物的分析与质量鉴定、聚乙二醇化药物的药代动力学和PEG修饰长效药物。 | |
| 606 | 0 | @a聚氧化乙烯@x药物@x研究 |
| 690 | @aR98@v5 | |
| 701 | 0 | @a马光辉@9ma guang hui@4编著 |
| 701 | 0 | @a苏志国@9su zhi guo@4编著 |
| 801 | 0 | @aCN@b91MARC@c20160516 |
| 905 | @aMuseLib@dR98@e150 | |
| 聚乙二醇修饰药物:概念、设计和应用/马光辉,苏志国等编著.-北京:科学出版社,2016.03 |
| 342页:图;24cm |
| ISBN 978-7-03-047265-6(精装):CNY128.00 |
| 本书共分为七章,内容包括:单甲氧基聚乙二醇的合成、单甲氧基聚乙二醇的活化、聚乙二醇修饰蛋白质的反应控制、聚乙二醇-蛋白质偶联物的分离纯化、聚乙二醇-生物大分子偶联物的分析与质量鉴定、聚乙二醇化药物的药代动力学和PEG修饰长效药物。 |
| ● |
| 相关链接 |
|
|
|
|
正题名:聚乙二醇修饰药物
索取号:R98/150
 
预约/预借
| 序号 | 登录号 | 条形码 | 馆藏地/架位号 | 状态 | 备注 |
| 1 | 1126085 | 211260856 | 第二样本阅览室/ [索取号:R98/150] | 在馆 | |
| 2 | 1126086 | 211260865 | 第三借阅区/ [索取号:R98/150] | 在馆 | |
| 3 | 1126087 | 211260874 | 化学系资料室/ [索取号:R98/150] | 在馆 |